[Event "LSS BI-2009-P-00018"]
[White "Bouguern, Abd El Halim"]
[Black "Krzysztoporski, Adrian"]
[Site "LSS email"]
[Round "?"]
[Result "1-0"]
[Date "2009.04.19"]
[WhiteElo "1316"]
[BlackElo "649"]
[PlyCount "29"]
[EventDate "2009.04.20"]
[EventType "tourn (corr)"]
[EventRounds "10"]
[EventCountry "GER"]
[SourceTitle "Corr 2015"]
[Source "ChessBase"]
[SourceDate "2015.07.17"]
[SourceVersion "1"]
[SourceVersionDate "2015.07.17"]
[SourceQuality "1"]

1. d4 Nf6 2. c4 g6 3. Nc3 Bg7 4. e4 d6 5. f3 0-0 6. Nge2 c5 7. d5 b6 8. g4 Ne8 9. Ng3 Bxc3+ 10. bxc3 e6 11. h4 exd5 12. Qxd5 Nc7 13. Qd2 Qf6 14. Be2 Ba6 15. h5 1-0

[Event "LSS BI-2009-P-00018"]
[White "Bujdak, Pavol"]
[Black "Krzysztoporski, Adrian"]
[Site "LSS email"]
[Round "?"]
[Result "1-0"]
[Date "2009.04.19"]
[WhiteElo "1825"]
[BlackElo "649"]
[PlyCount "23"]
[EventDate "2009.04.20"]
[EventType "tourn (corr)"]
[EventRounds "10"]
[EventCountry "GER"]
[SourceTitle "Corr 2015"]
[Source "ChessBase"]
[SourceDate "2015.07.17"]
[SourceVersion "1"]
[SourceVersionDate "2015.07.17"]
[SourceQuality "1"]

1. e4 c5 2. Nf3 d6 3. d4 cxd4 4. Nxd4 Nf6 5. Nc3 a6 6. Be2 g6 7. 0-0 Bg7 8. Be3 0-0 9. f4 Qc7 10. Qe1 Nc6 11. Rd1 Nxd4 12. Bxd4 1-0

[Event "LSS SN-2009-0-00145"]
[White "Sagi, Raju"]
[Black "Krzysztoporski, Adrian"]
[Site "LSS email"]
[Round "?"]
[Result "1-0"]
[Date "2009.04.08"]
[WhiteElo "279"]
[BlackElo "689"]
[PlyCount "33"]
[EventDate "2009.03.18"]
[EventType "tourn (corr)"]
[EventRounds "6"]
[EventCountry "GER"]
[SourceTitle "Corr 2011"]
[Source "ChessBase"]
[SourceDate "2010.08.31"]
[SourceVersion "1"]
[SourceVersionDate "2010.08.31"]
[SourceQuality "1"]

1. e4 c5 2. d3 Nc6 3. Nf3 d6 4. b3 Nf6 5. g3 g6 6. Bg2 Bg7 7. 0-0 0-0 8. Nc3 Bd7 9. Nd5 Nxd5 10. exd5 Bxa1 11. Bh6 Bg7 12. Bxg7 Kxg7 13. dxc6 Bxc6 14. d4 cxd4 15. Qxd4+ e5 16. Qd1 Rc8 17. Ng5 1-0

[Event "LSS SN-2009-0-00143"]
[White "Krzysztoporski, Adrian"]
[Black "Ruslin, Alexey"]
[Site "LSS email"]
[Round "?"]
[Result "0-1"]
[Date "2009.03.27"]
[WhiteElo "721"]
[BlackElo "1026"]
[PlyCount "50"]
[EventDate "2009.03.07"]
[EventType "tourn (corr)"]
[EventRounds "6"]
[EventCountry "GER"]
[SourceTitle "Corr 2011"]
[Source "ChessBase"]
[SourceDate "2010.08.31"]
[SourceVersion "1"]
[SourceVersionDate "2010.08.31"]
[SourceQuality "1"]

1. e4 c6 2. d4 d5 3. Nc3 dxe4 4. Nxe4 Bf5 5. Ng3 Bg6 6. Nf3 e6 7. c3 Nd7 8. Bd3 Bxd3 9. Qxd3 Ngf6 10. Bg5 h6 11. Bxf6 Nxf6 12. 0-0 Bd6 13. Nd2 Qc7 14. Nde4 Nxe4 15. Nxe4 Bxh2+ 16. Kh1 Bf4 17. Ng3 0-0-0 18. Nh5 Be5 19. f4 Bf6 20. Nxf6 gxf6 21. Qh3 Rdg8 22. Rf3 f5 23. Qh5 Qe7 24. Qh3 Rg4 25. Rg3 Rh4 0-1

[Event "LSS OP-2009-0-00798"]
[White "Venturini, Sergio"]
[Black "Krzysztoporski, Adrian"]
[Site "LSS email"]
[Round "?"]
[Result "1-0"]
[Date "2009.03.27"]
[WhiteElo "800"]
[BlackElo "689"]
[PlyCount "37"]
[EventDate "2009.03.23"]
[EventType "tourn (corr)"]
[EventRounds "4"]
[EventCountry "GER"]
[SourceTitle "Corr 2011"]
[Source "ChessBase"]
[SourceDate "2010.08.31"]
[SourceVersion "1"]
[SourceVersionDate "2010.08.31"]
[SourceQuality "1"]

1. d4 Nf6 2. c4 g6 3. Nc3 Bg7 4. e4 d6 5. Be2 0-0 6. Nf3 e5 7. 0-0 Nc6 8. Be3 a5 9. dxe5 Nxe5 10. Nxe5 dxe5 11. Qc2 Be6 12. Rfd1 Qe7 13. Nd5 Bxd5 14. cxd5 Rfd8 15. Rac1 Rac8 16. f3 Ne8 17. Qd2 Nd6 18. a4 b6 19. Rc6 1-0

[Event "LSS SN-2009-0-00143"]
[White "Trevis, Robert R"]
[Black "Krzysztoporski, Adrian"]
[Site "LSS email"]
[Round "?"]
[Result "1-0"]
[Date "2009.03.26"]
[WhiteElo "965"]
[BlackElo "689"]
[PlyCount "43"]
[EventDate "2009.03.07"]
[EventType "tourn (corr)"]
[EventRounds "6"]
[EventCountry "GER"]
[SourceTitle "Corr 2011"]
[Source "ChessBase"]
[SourceDate "2010.08.31"]
[SourceVersion "1"]
[SourceVersionDate "2010.08.31"]
[SourceQuality "1"]

1. e4 c5 2. Nf3 d6 3. d4 cxd4 4. Nxd4 Nf6 5. Nc3 a6 6. Be3 e6 7. Bc4 b5 8. Bd3 Bb7 9. 0-0 Be7 10. a4 bxa4 11. Rxa4 0-0 12. Nb3 d5 13. e5 Nfd7 14. Qh5 g6 15. Rg4 Re8 16. Nd4 Nc5 17. Qh6 Bf8 18. Qf4 Nxd3 19. cxd3 Nc6 20. Nxc6 Bxc6 21. Ra1 Qb6 22. Bxb6 1-0

[Event "LSS RN-2009-0-00193"]
[White "Krzysztoporski, Adrian"]
[Black "Croke, Pat"]
[Site "LSS email"]
[Round "?"]
[Result "1/2-1/2"]
[Date "2009.03.01"]
[WhiteElo "800"]
[BlackElo "602"]
[PlyCount "81"]
[EventDate "2009.02.22"]
[EventType "tourn (corr)"]
[EventRounds "6"]
[EventCountry "GER"]
[SourceTitle "Corr 2011"]
[Source "ChessBase"]
[SourceDate "2010.08.31"]
[SourceVersion "1"]
[SourceVersionDate "2010.08.31"]
[SourceQuality "1"]

1. e4 e5 2. Nf3 Nc6 3. Bb5 Nf6 4. Nc3 d6 5. 0-0 Be7 6. Re1 0-0 7. d4 Nxd4 8. Nxd4 exd4 9. Qxd4 a6 10. Bd3 c5 11. Qe3 Ng4 12. Qg3 b5 13. e5 Nxe5 14. Bh6 Ng6 15. Bxg6 fxg6 16. Bf4 Bb7 17. Rad1 b4 18. Nd5 Bxd5 19. Rxd5 a5 20. Bxd6 Bxd6 21. Rxd6 Qc8 22. h3 Re8 23. Rxe8+ Qxe8 24. Qe3 Qxe3 25. fxe3 Re8 26. Rd5 Rxe3 27. Rxc5 a4 28. Rc4 Re1+ 29. Kf2 Ra1 30. Rxb4 Rxa2 31. Kg3 a3 32. bxa3 Rxa3+ 33. Kg4 h5+ 34. Kf4 Kh7 35. h4 Rc3 36. Rb2 Rc4+ 37. Kg3 Rc3+ 38. Kh2 Rc4 39. Kg3 Rc3+ 40. Kh2 Rc4 41. Kg3 1/2-1/2

[Event "LSS RN-2009-0-00193"]
[White "Krzysztoporski, Adrian"]
[Black "Bester, Kazimierz"]
[Site "LSS email"]
[Round "?"]
[Result "0-1"]
[Date "2009.02.28"]
[WhiteElo "800"]
[BlackElo "587"]
[PlyCount "48"]
[EventDate "2009.02.22"]
[EventType "tourn (corr)"]
[EventRounds "6"]
[EventCountry "GER"]
[SourceTitle "Corr 2011"]
[Source "ChessBase"]
[SourceDate "2010.08.31"]
[SourceVersion "1"]
[SourceVersionDate "2010.08.31"]
[SourceQuality "1"]

1. e4 e5 2. Nf3 d6 3. d4 exd4 4. Nxd4 Qh4 5. Nc3 Nf6 6. Bd3 Ng4 7. g3 Qf6 8. Nf3 Qe7 9. Qe2 g6 10. Ng5 Bh6 11. Nf3 Bxc1 12. Rxc1 0-0 13. 0-0 Nh6 14. Nd5 Qd8 15. Qe3 Ng4 16. Qf4 c6 17. Ne3 Nf6 18. Rfd1 Nh5 19. Qg5 f6 20. Qh6 Ng7 21. Ng2 Kh8 22. e5 Bf5 23. Bxf5 Nxf5 24. exd6 Nxh6 0-1

[Event "LSS RN-2009-0-00192"]
[White "Krzysztoporski, Adrian"]
[Black "Van Dosselaer, Mattias"]
[Site "LSS email"]
[Round "?"]
[Result "0-1"]
[Date "2009.02.28"]
[WhiteElo "800"]
[BlackElo "605"]
[PlyCount "50"]
[EventDate "2009.02.21"]
[EventType "tourn (corr)"]
[EventRounds "6"]
[EventCountry "GER"]
[SourceTitle "Corr 2011"]
[Source "ChessBase"]
[SourceDate "2010.08.31"]
[SourceVersion "1"]
[SourceVersionDate "2010.08.31"]
[SourceQuality "1"]

1. e4 e5 2. Nf3 Nc6 3. Bb5 g6 4. Nc3 Bc5 5. 0-0 Nf6 6. Re1 Ng4 7. Rf1 Nf6 8. d3 d6 9. Re1 0-0 10. Bg5 h6 11. Be3 Bxe3 12. Rxe3 Nd4 13. Ba4 Bg4 14. Ne2 Bxf3 15. Rxf3 Nxf3+ 16. gxf3 Nh7 17. Qd2 Ng5 18. Qe3 f5 19. exf5 Rxf5 20. Bb3+ Kh7 21. Ng3 Rxf3 22. Qe2 Qd7 23. Bd5 Nh3+ 24. Kf1 Rxf2+ 25. Ke1 Rxe2+ 0-1

[Event "LSS SN-2009-0-00136"]
[White "Krzysztoporski, Adrian"]
[Black "Yangibayev, Rustam"]
[Site "LSS email"]
[Round "?"]
[Result "1/2-1/2"]
[Date "2009.02.28"]
[WhiteElo "800"]
[BlackElo "852"]
[PlyCount "46"]
[EventDate "2009.02.17"]
[EventType "tourn (corr)"]
[EventRounds "6"]
[EventCountry "GER"]
[SourceTitle "Corr 2011"]
[Source "ChessBase"]
[SourceDate "2010.08.31"]
[SourceVersion "1"]
[SourceVersionDate "2010.08.31"]
[SourceQuality "1"]

1. e4 c6 2. d4 d5 3. Nc3 dxe4 4. Nxe4 Bf5 5. Ng3 Bc8 6. Nf3 Nf6 7. Bc4 e6 8. Bg5 Be7 9. 0-0 0-0 10. c3 Nbd7 11. Re1 Nb6 12. Bd3 Nbd5 13. Qd2 Re8 14. Bxf6 Nxf6 15. Ng5 h6 16. N5e4 Nxe4 17. Bxe4 Bg5 18. Qd3 f5 19. Bf3 Qf6 20. Nh5 Qf7 21. Ng3 Qf6 22. Nh5 Qf7 23. Ng3 Qf6 1/2-1/2

[Event "LSS RN-2009-0-00193"]
[White "Lanier, Jeff"]
[Black "Krzysztoporski, Adrian"]
[Site "LSS email"]
[Round "?"]
[Result "1-0"]
[Date "2009.02.28"]
[WhiteElo "724"]
[BlackElo "800"]
[PlyCount "35"]
[EventDate "2009.02.22"]
[EventType "tourn (corr)"]
[EventRounds "6"]
[EventCountry "GER"]
[SourceTitle "Corr 2011"]
[Source "ChessBase"]
[SourceDate "2010.08.31"]
[SourceVersion "1"]
[SourceVersionDate "2010.08.31"]
[SourceQuality "1"]

1. e4 c5 2. Bc4 e6 3. Nc3 Nc6 4. a3 b6 5. Nf3 Bb7 6. d3 Nf6 7. h3 Be7 8. 0-0 0-0 9. Be3 Qc7 10. Qd2 Ne5 11. Nxe5 Bd6 12. Nf3 Rfd8 13. Nb5 Qb8 14. Nxd6 Qxd6 15. e5 Qe7 16. exf6 Qxf6 17. Bg5 Qxb2 18. Bxd8 1-0

[Event "LSS SN-2009-0-00135"]
[White "Bester, Kazimierz"]
[Black "Krzysztoporski, Adrian"]
[Site "LSS email"]
[Round "?"]
[Result "1/2-1/2"]
[Date "2009.02.26"]
[WhiteElo "900"]
[BlackElo "800"]
[PlyCount "112"]
[EventDate "2009.02.13"]
[EventType "tourn (corr)"]
[EventRounds "6"]
[EventCountry "GER"]
[SourceTitle "Corr 2011"]
[Source "ChessBase"]
[SourceDate "2010.08.31"]
[SourceVersion "1"]
[SourceVersionDate "2010.08.31"]
[SourceQuality "1"]

1. e4 c5 2. Nf3 d6 3. d4 cxd4 4. Nxd4 Nf6 5. Nc3 a6 6. Bg5 e6 7. Bd3 Be7 8. 0-0 Qc7 9. Qd2 Nc6 10. f4 Nxd4 11. Kh1 Bd7 12. b3 h6 13. Bh4 Rc8 14. Ne2 Nxc2 15. Bxc2 Qxc2 16. Qe3 Qxe4 17. Qf2 0-0 18. Ng3 Qc2 19. Qb6 Qc6 20. Qf2 Nd5 21. Bxe7 Nxe7 22. Nh5 Qc2 23. Qg3 Qg6 24. Qxg6 Nxg6 25. Rf3 Bc6 26. Re3 Rfe8 27. Rae1 d5 28. Rg3 Bb5 29. a4 Bd3 30. Rxd3 Rc5 31. f5 Nf8 32. b4 Rc4 33. f6 Rxb4 34. Nxg7 Rc8 35. Rh3 Ng6 36. Rxh6 Rh4 37. Rxh4 Nxh4 38. h3 Rc2 39. g3 Nf5 40. Nh5 d4 41. g4 Nd6 42. Rd1 Rc4 43. a5 Ne4 44. Kg2 Kh7 45. Nf4 Nc5 46. h4 Nb3 47. Nd3 Kg6 48. g5 Nxa5 49. Ne5+ Kh5 50. Nxc4 Nxc4 51. Rxd4 Ne5 52. Kg3 b5 53. Kf2 Ng4+ 54. Kg3 Ne5 55. Re4 Nc4 56. Rd4 Ne5 1/2-1/2

[Event "LSS OP-2009-0-00768"]
[White "Claflin, Robert"]
[Black "Krzysztoporski, Adrian"]
[Site "LSS email"]
[Round "?"]
[Result "1-0"]
[Date "2009.02.26"]
[WhiteElo "800"]
[BlackElo "800"]
[PlyCount "75"]
[EventDate "2009.02.24"]
[EventType "tourn (corr)"]
[EventRounds "4"]
[EventCountry "GER"]
[SourceTitle "Corr 2011"]
[Source "ChessBase"]
[SourceDate "2010.08.31"]
[SourceVersion "1"]
[SourceVersionDate "2010.08.31"]
[SourceQuality "1"]

1. e4 c5 2. c3 Nf6 3. e5 Nd5 4. d4 cxd4 5. cxd4 d6 6. Nf3 Nc6 7. Bc4 Nb6 8. Bb5 Bd7 9. Nc3 a6 10. Be2 dxe5 11. dxe5 g6 12. Bf4 Bg7 13. 0-0 0-0 14. Qc1 Rc8 15. Bh6 Be6 16. Bxg7 Kxg7 17. Rd1 Qc7 18. Qe3 Nc4 19. Bxc4 Bxc4 20. b3 Be6 21. Rac1 Qb8 22. Nd4 Qxe5 23. Nxe6+ Qxe6 24. Qxe6 fxe6 25. Rd7 b5 26. Ne4 h6 27. f3 Kf7 28. Nd6+ Kf6 29. Nxc8 Rxc8 30. Rd2 Na7 31. Rxc8 Nxc8 32. Rd8 Nd6 33. Ra8 Nf5 34. Rxa6 Nd4 35. a4 Nxb3 36. axb5 Nc5 37. Ra7 g5 38. b6 1-0

[Event "LSS OP-2009-0-00768"]
[White "Krzysztoporski, Adrian"]
[Black "Motz, Markus"]
[Site "LSS email"]
[Round "?"]
[Result "1-0"]
[Date "2009.02.26"]
[WhiteElo "800"]
[BlackElo "1729"]
[PlyCount "41"]
[EventDate "2009.02.24"]
[EventType "tourn (corr)"]
[EventRounds "4"]
[EventCountry "GER"]
[SourceTitle "Corr 2011"]
[Source "ChessBase"]
[SourceDate "2010.08.31"]
[SourceVersion "1"]
[SourceVersionDate "2010.08.31"]
[SourceQuality "1"]

1. e4 e6 2. d4 d5 3. Nc3 Nf6 4. Bg5 dxe4 5. Nxe4 Be7 6. Nxf6+ Bxf6 7. Bxf6 Qxf6 8. Nf3 0-0 9. c3 Bd7 10. Bd3 Bc6 11. Be2 Nd7 12. 0-0 Rfe8 13. Bd3 Bxf3 14. Qxf3 Qxf3 15. gxf3 Nf6 16. Rfe1 Nh5 17. Be4 Nf4 18. Rab1 f5 19. Bxb7 Rab8 20. Bc6 Rb6 21. Bxe8 1-0

[Event "LSS ZN-2009-0-00554"]
[White "Krzysztoporski, Adrian"]
[Black "Van Dosselaer, Mattias"]
[Site "LSS email"]
[Round "?"]
[Result "0-1"]
[Date "2009.02.26"]
[WhiteElo "721"]
[BlackElo "1181"]
[PlyCount "50"]
[EventDate "2009.02.17"]
[EventType "match (corr)"]
[EventRounds "2"]
[EventCountry "GER"]
[SourceTitle "Corr 2011"]
[Source "ChessBase"]
[SourceDate "2010.08.31"]
[SourceVersion "1"]
[SourceVersionDate "2010.08.31"]
[SourceQuality "1"]

1. e4 e5 2. Nf3 Nc6 3. Bb5 Nf6 4. 0-0 Nxe4 5. Re1 a6 6. Bxc6 dxc6 7. Rxe4 Bd6 8. Nxe5 0-0 9. d4 Bf5 10. Re1 Re8 11. Nf3 Rxe1+ 12. Qxe1 Bxc2 13. Nc3 Bg6 14. Bg5 f6 15. Be3 Qc8 16. Qd2 Bh5 17. Bf4 Bb4 18. Ne1 Bf7 19. Nd3 Bf8 20. Re1 b6 21. b3 Qd7 22. Qd1 Qxd4 23. Ne2 Qd7 24. f3 Re8 25. Nc3 Qd4+ 0-1

[Event "LSS RN-2009-0-00191"]
[White "Krzysztoporski, Adrian"]
[Black "Zukan, Jakob"]
[Site "LSS email"]
[Round "?"]
[Result "0-1"]
[Date "2009.02.26"]
[WhiteElo "800"]
[BlackElo "726"]
[PlyCount "62"]
[EventDate "2009.02.20"]
[EventType "tourn (corr)"]
[EventRounds "6"]
[EventCountry "GER"]
[SourceTitle "Corr 2011"]
[Source "ChessBase"]
[SourceDate "2010.08.31"]
[SourceVersion "1"]
[SourceVersionDate "2010.08.31"]
[SourceQuality "1"]

1. e4 b6 2. d4 Bb7 3. Nc3 e6 4. g3 Nf6 5. Bg2 Bb4 6. Bg5 Be7 7. Qd3 d6 8. Nge2 0-0 9. 0-0 h6 10. Be3 e5 11. Rad1 a5 12. dxe5 dxe5 13. Qxd8 Rxd8 14. Rxd8+ Bxd8 15. Rd1 Nc6 16. Nb5 Nb4 17. Nbc3 Nxc2 18. Rd2 Nb4 19. Nc1 Nc6 20. Nd3 Be7 21. f4 Nd7 22. fxe5 Ncxe5 23. Nxe5 Nxe5 24. Bf4 f6 25. Nd5 Bd6 26. Nc3 Rd8 27. Ne2 Bc5+ 28. Kh1 Rxd2 29. Bxd2 Ng4 30. Nc3 Nf2+ 31. Kg1 Nxe4+ 0-1

[Event "LSS ZN-2009-0-00554"]
[White "Van Dosselaer, Mattias"]
[Black "Krzysztoporski, Adrian"]
[Site "LSS email"]
[Round "?"]
[Result "1-0"]
[Date "2009.02.26"]
[WhiteElo "1181"]
[BlackElo "721"]
[PlyCount "51"]
[EventDate "2009.02.17"]
[EventType "match (corr)"]
[EventRounds "2"]
[EventCountry "GER"]
[SourceTitle "Corr 2011"]
[Source "ChessBase"]
[SourceDate "2010.08.31"]
[SourceVersion "1"]
[SourceVersionDate "2010.08.31"]
[SourceQuality "1"]

1. e4 c5 2. Nf3 d6 3. d4 cxd4 4. Nxd4 Nf6 5. Bd3 Bd7 6. 0-0 Nc6 7. Be3 g6 8. Nd2 Bg7 9. h3 0-0 10. c3 Qc7 11. Nb5 Qc8 12. Qe2 a6 13. Nd4 Nxd4 14. cxd4 e5 15. Nc4 Qc7 16. dxe5 dxe5 17. Rac1 Bc6 18. Rfd1 Rfd8 19. Bb6 Qe7 20. Bxd8 Rxd8 21. Bc2 Bh6 22. Rxd8+ Qxd8 23. Rd1 Qc7 24. Qf3 Bf8 25. Qxf6 Bg7 26. Rd8+ 1-0

[Event "LSS SN-2008-0-00129"]
[White "Razo, Ryan Jose"]
[Black "Krzysztoporski, Adrian"]
[Site "LSS email"]
[Round "?"]
[Result "1-0"]
[Date "2009.01.25"]
[WhiteElo "910"]
[BlackElo "800"]
[PlyCount "41"]
[EventDate "2009.01.22"]
[EventType "tourn (corr)"]
[EventRounds "6"]
[EventCountry "GER"]
[SourceTitle "Corr 2011"]
[Source "ChessBase"]
[SourceDate "2010.08.31"]
[SourceVersion "1"]
[SourceVersionDate "2010.08.31"]
[SourceQuality "1"]

1. Nf3 Nf6 2. c4 g6 3. g3 Bg7 4. Bg2 d6 5. d4 0-0 6. Nc3 e5 7. dxe5 dxe5 8. Qxd8 Rxd8 9. Nxe5 c6 10. Bd2 Nbd7 11. Nd3 Nb6 12. b3 Bf5 13. Nc5 Rab8 14. e4 Be6 15. f3 a6 16. Nxe6 fxe6 17. Bh3 Kf7 18. Ke2 Rd6 19. Bf4 Rbd8 20. Bxd6 Rxd6 21. e5 1-0

[Event "LSS SN-2008-0-00124"]
[White "Darevski, Vladimir"]
[Black "Krzysztoporski, Adrian"]
[Site "LSS email"]
[Round "?"]
[Result "1-0"]
[Date "2008.11.30"]
[WhiteElo "1089"]
[BlackElo "800"]
[PlyCount "43"]
[EventDate "2008.11.29"]
[EventType "tourn (corr)"]
[EventRounds "6"]
[EventCountry "GER"]
[SourceTitle "Corr 2011"]
[Source "ChessBase"]
[SourceDate "2010.08.31"]
[SourceVersion "1"]
[SourceVersionDate "2010.08.31"]
[SourceQuality "1"]

1. e4 c5 2. Nf3 d6 3. d4 cxd4 4. Nxd4 Nf6 5. Nc3 a6 6. Bg5 e6 7. Be2 Be7 8. f4 Qc7 9. Qd2 0-0 10. 0-0-0 Nbd7 11. Bf3 Rb8 12. g4 h6 13. Bxf6 Nxf6 14. g5 hxg5 15. fxg5 Nh7 16. Rhg1 e5 17. Nf5 Bxf5 18. exf5 Nxg5 19. Rxg5 Bxg5 20. Qxg5 Rbc8 21. f6 Qd8 22. Qxg7# 1-0